Xây dựng nền đưồng ô tô /

Αποθηκεύτηκε σε:
Λεπτομέρειες βιβλιογραφικής εγγραφής
Κύριος συγγραφέας: Dương Ngọc Hải
Μορφή: Βιβλίο
Γλώσσα:Vietnamese
Έκδοση: H. : Giáo dục , 1995
Έκδοση:Tái bản lần thứ 2
Θέματα:
Ετικέτες: Προσθήκη ετικέτας
Δεν υπάρχουν, Καταχωρήστε ετικέτα πρώτοι!
Thư viện lưu trữ: Thư viện Trường CĐ Kỹ Thuật Cao Thắng
LEADER 00657nam a2200205 a 4500
001 TVCDKTCT66
003 Thư viện trường Cao đẳng Kỹ thuật Cao Thắng
005 20050729000000
008 050729
980 \ \ |a Thư viện Trường CĐ Kỹ Thuật Cao Thắng 
024 |a RG_1 #1 eb0 i1 
041 0 # |a vie 
082 # # |a 625.8 /   |b NG527CH-X 
100 1 # |a Dương Ngọc Hải 
245 0 0 |a Xây dựng nền đưồng ô tô /  |c Dương Ngọc Hải 
250 # # |a Tái bản lần thứ 2 
260 # # |a H. :  |b Giáo dục ,  |c 1995 
300 # # |a 309tr. ;  |c 24cm 
650 # 4 |a Đường ôtô 
650 # 4 |a Xây dựng